Hipótesis para una historia de la Iglesia en América Latina /

Este ensayo tiende a abrir un diálogo entre ciertas hipótesis fundamentales que es necesario discutir para abrir la historia de la Iglesia en América Latina. El autor propone un conjunto de hipótesis, una periodificación, sus contenidos esenciales, para ver cual debe ser el método que se debe utiliz...

Whakaahuatanga katoa

I tiakina i:
Ngā taipitopito rārangi puna kōrero
Kaituhi matua: Dussel, Enrique D. (autor)
Hōputu: Pukapuka
Reo:Pāniora
I whakaputaina: Barcelona, España : Estela : Instituto de Estudios Políticos para la América Latina, 1967, c1967
Rangatū:(Pensamiento y Acción)
Ngā marau:
Ngā Tūtohu: Tāpirihia he Tūtohu
Kāore He Tūtohu, Me noho koe te mea tuatahi ki te tūtohu i tēnei pūkete!

MARC

LEADER 00000nam^a2200000^a^4500
001 000117999
005 20250521000000.0
009 20260310094226.222
037 |a Acervo ITESO - Biblioteca 
041 |a ESP 
082 |a 980.  |b DUS 
100 |a Dussel, Enrique D.  |e (autor) 
245 1 0 |a Hipótesis para una historia de la Iglesia en América Latina /  |c E. Dussel. 
264 4 |a Barcelona, España :  |b Estela :  |b Instituto de Estudios Políticos para la América Latina,  |c 1967, c1967 
300 |a 219 p. 
336 |a texto  |b txt  |2 rdacontenido 
337 |a sin mediación  |b n  |2 rdamedio 
338 |a volumen  |b nc  |2 rdasoporte 
440 1 |a (Pensamiento y Acción) 
520 |a Este ensayo tiende a abrir un diálogo entre ciertas hipótesis fundamentales que es necesario discutir para abrir la historia de la Iglesia en América Latina. El autor propone un conjunto de hipótesis, una periodificación, sus contenidos esenciales, para ver cual debe ser el método que se debe utilizar para estudiar esta historia. 
649 |a XX 
650 |a Iglesia Católica en Latinoamérica -  |x Historia 
650 |a Catolicismo -  |z Latinoamérica -  |x Historia 
650 |a Cristianismo -  |z Latinoamérica -  |x Historia 
650 |a Religión -  |z Latinoamérica -  |x Historia 
650 |a Religión -  |x Filosofía 
650 |a Latinoamérica -  |x Historia 
910 |a Fondo Salvador Reynoso Reynoso 
920 |a Impresos - Libros 
930 |a Fondos Especiales 
905 |a 112 
901 |a 0800004385  |b IT2  |c ESP  |u 20250521 
902 |a https://opac.biblio.iteso.mx/vufind/Record/000117999